<?xml version="1.0" encoding="UTF-8"?>
<record
    xmlns:xsi="http://www.w3.org/2001/XMLSchema-instance"
    xsi:schemaLocation="http://www.loc.gov/MARC21/slim http://www.loc.gov/standards/marcxml/schema/MARC21slim.xsd"
    xmlns="http://www.loc.gov/MARC21/slim">

  <leader>01229nam a22002895a 4500</leader>
  <controlfield tag="003">OSt</controlfield>
  <controlfield tag="005">20180117125548.0</controlfield>
  <controlfield tag="008">180117s1982    ku a   frb    000 0 ara d</controlfield>
  <datafield tag="040" ind1=" " ind2=" ">
    <subfield code="a">EG-ScBUE</subfield>
    <subfield code="b">ara</subfield>
    <subfield code="c">EG-ScBUE</subfield>
  </datafield>
  <datafield tag="041" ind1="1" ind2=" ">
    <subfield code="a">ara</subfield>
    <subfield code="h">und</subfield>
  </datafield>
  <datafield tag="082" ind1="0" ind2="4">
    <subfield code="a">303.483</subfield>
    <subfield code="b">&#x643; &#x627; &#x646;</subfield>
    <subfield code="2">22</subfield>
  </datafield>
  <datafield tag="100" ind1="1" ind2=" ">
    <subfield code="a">&#x643;&#x627;&#x646;&#x60C; &#x647;&#x64A;&#x631;&#x645;&#x627;&#x646;&#x60C;</subfield>
    <subfield code="d">1983-1922.</subfield>
  </datafield>
  <datafield tag="245" ind1="1" ind2="2">
    <subfield code="a">&#x627;&#x644;&#x639;&#x627;&#x644;&#x645; &#x628;&#x639;&#x62F; &#x645;&#x627;&#x626;&#x62A;&#x64A; &#x639;&#x627;&#x645; :</subfield>
    <subfield code="b">&#x627;&#x644;&#x62B;&#x648;&#x631;&#x629; &#x627;&#x644;&#x639;&#x644;&#x645;&#x64A;&#x629; &#x648;&#x627;&#x644;&#x62A;&#x643;&#x646;&#x648;&#x644;&#x648;&#x62C;&#x64A;&#x629; &#x62E;&#x644;&#x627;&#x644; &#x627;&#x644;&#x642;&#x631;&#x646;&#x64A;&#x646; &#x627;&#x644;&#x642;&#x627;&#x62F;&#x645;&#x64A;&#x646; /</subfield>
    <subfield code="c">&#x62A;&#x623;&#x644;&#x64A;&#x641; &#x647;&#x64A;&#x631;&#x645;&#x627;&#x646; &#x643;&#x627;&#x646;&#x60C; &#x628;&#x631;&#x627;&#x648;&#x646;&#x60C; &#x645;&#x627;&#x631;&#x62A;&#x644; &#x61B; &#x62A;&#x631;&#x62C;&#x645;&#x629; &#x634;&#x648;&#x642;&#x64A; &#x62C;&#x644;&#x627;&#x644;.</subfield>
  </datafield>
  <datafield tag="260" ind1=" " ind2=" ">
    <subfield code="a">&#x627;&#x644;&#x643;&#x648;&#x64A;&#x62A; :</subfield>
    <subfield code="b">&#x627;&#x644;&#x645;&#x62C;&#x644;&#x633; &#x627;&#x644;&#x648;&#x637;&#x646;&#x64A; &#x644;&#x644;&#x62B;&#x642;&#x627;&#x641;&#x629; &#x648;&#x627;&#x644;&#x641;&#x646;&#x648;&#x646; &#x648;&#x627;&#x644;&#x622;&#x62F;&#x627;&#x628;&#x60C;</subfield>
    <subfield code="c">1982.</subfield>
  </datafield>
  <datafield tag="300" ind1=" " ind2=" ">
    <subfield code="a">363 &#x635;. &#x61B;</subfield>
    <subfield code="c">20 &#x633;&#x645;.</subfield>
  </datafield>
  <datafield tag="490" ind1="0" ind2=" ">
    <subfield code="a">&#x639;&#x627;&#x644;&#x645; &#x627;&#x644;&#x645;&#x639;&#x631;&#x641;&#x629; &#x61B;</subfield>
    <subfield code="v">55</subfield>
  </datafield>
  <datafield tag="504" ind1=" " ind2=" ">
    <subfield code="a">&#x64A;&#x634;&#x62A;&#x645;&#x644; &#x639;&#x644;&#x649; &#x625;&#x631;&#x62C;&#x627;&#x639;&#x627;&#x62A; &#x628;&#x628;&#x644;&#x64A;&#x648;&#x62C;&#x631;&#x627;&#x641;&#x64A;&#x629;.</subfield>
  </datafield>
  <datafield tag="546" ind1=" " ind2=" ">
    <subfield code="a">&#x627;&#x644;&#x646;&#x635; &#x628;&#x627;&#x644;&#x644;&#x63A;&#x629; &#x627;&#x644;&#x639;&#x631;&#x628;&#x64A;&#x629;.</subfield>
  </datafield>
  <datafield tag="650" ind1=" " ind2="7">
    <subfield code="a">&#x627;&#x644;&#x62B;&#x648;&#x631;&#x629; &#x627;&#x644;&#x635;&#x646;&#x627;&#x639;&#x64A;&#x629;.</subfield>
    <subfield code="2">BUEsh</subfield>
  </datafield>
  <datafield tag="650" ind1=" " ind2="7">
    <subfield code="a">&#x627;&#x644;&#x62A;&#x643;&#x646;&#x648;&#x644;&#x648;&#x62C;&#x64A;&#x627;</subfield>
    <subfield code="x">&#x62C;&#x648;&#x627;&#x646;&#x628; &#x627;&#x62C;&#x62A;&#x645;&#x627;&#x639;&#x64A;&#x629;.</subfield>
    <subfield code="2">BUEsh</subfield>
  </datafield>
  <datafield tag="651" ind1=" " ind2=" ">
    <subfield code="2">BUEsh</subfield>
  </datafield>
  <datafield tag="653" ind1=" " ind2=" ">
    <subfield code="b">GGEN</subfield>
    <subfield code="c">January2018</subfield>
  </datafield>
  <datafield tag="700" ind1="1" ind2=" ">
    <subfield code="a">&#x628;&#x631;&#x627;&#x648;&#x646;&#x60C; &#x648;&#x644;&#x64A;&#x627;&#x645;&#x60C;</subfield>
    <subfield code="d">1967-</subfield>
  </datafield>
  <datafield tag="700" ind1="1" ind2=" ">
    <subfield code="a">&#x645;&#x627;&#x631;&#x62A;&#x64A;&#x644;&#x60C; &#x644;&#x64A;&#x648;&#x646;.</subfield>
  </datafield>
  <datafield tag="700" ind1="1" ind2=" ">
    <subfield code="a">&#x62C;&#x644;&#x627;&#x644;&#x60C; &#x634;&#x648;&#x642;&#x64A;&#x60C;</subfield>
    <subfield code="e">&#x645;&#x62A;&#x631;&#x62C;&#x645;.</subfield>
    <subfield code="9">26277</subfield>
  </datafield>
  <datafield tag="942" ind1=" " ind2=" ">
    <subfield code="2">ddc</subfield>
  </datafield>
  <datafield tag="999" ind1=" " ind2=" ">
    <subfield code="c">25947</subfield>
    <subfield code="d">25919</subfield>
  </datafield>
  <datafield tag="952" ind1=" " ind2=" ">
    <subfield code="0">0</subfield>
    <subfield code="1">0</subfield>
    <subfield code="2">ddc</subfield>
    <subfield code="4">0</subfield>
    <subfield code="7">0</subfield>
    <subfield code="a">MAIN</subfield>
    <subfield code="b">MAIN</subfield>
    <subfield code="c">1ST</subfield>
    <subfield code="d">2018-01-17</subfield>
    <subfield code="o">303.483 &#x643; &#x627; &#x646;</subfield>
    <subfield code="p">000042840</subfield>
    <subfield code="r">2025-07-15 00:00:00</subfield>
    <subfield code="y">BB</subfield>
  </datafield>
</record>
